Kraje, których nazwy kończą się na literę N. (Kolega Ignacy) - Statystyki

Ogólne statystyki
  • Ten quiz został rozwiązany 1 790 razy
  • Średni wynik to 11 z 20
Statystyki odpowiedzi
Kraje % Poprawnych
Tadżykistan
80%
Turkmenistan
77%
Pakistan
76%
Uzbekistan
75%
Kazachstan
74%
Afganistan
73%
Kirgistan
71%
Iran
65%
Oman
62%
Azerbejdżan
60%
Jemen
55%
Sudan
51%
Liban
49%
Bhutan
40%
Watykan
38%
Benin
34%
Bahrajn
32%
Liechtenstein
30%
Gabon
26%
Kamerun
26%
Nie znaleziono quizów pasujących do podanych kryteriów
Rozkład punktacji
Procent ludzi z każdym wynikiem
Percentyl według liczby udzielonych odpowiedzi
Twoja historia wyników
Nie rozwiązałeś tego quizu